[Event "March Madness"]
[Site "SchemingMind.com"]
[Date "2010.05.24"]
[Round "-"]
[White "sidra"]
[Black "mirchandru"]
[Result "1-0"]
[WhiteCountry "HUN"]
[BlackCountry "USA"]
[WhiteElo "1738"]
[WhiteRD "101"]
[BlackElo "1702"]
[BlackRD "93"]
[GameID "249822"]

1. d4 Nf6 2. c4 c5 3. d5 b5 4. e3 g6 5. f3 b4 6. b3 Bg7 7. Bb2 d6 8. Bd3 Bb7 9. Qd2 Nbd7 10. Ne2 a5
11. O-O a4 12. bxa4 Rxa4 13. a3 bxa3 14. Rxa3 Rxa3 15. Nxa3 O-O 16. Nb5 Qb6 17. Bc3 Ra8 18. Ra1 Rxa1+ 19. Bxa1 Ne8 20. Bxg7 Nxg7
21. f4 Ne8 22. Ng3 Ba6 23. Kf2 Bxb5 24. cxb5 Nc7 25. Bc4 Nxb5 26. Qd3 Nc7 27. e4 Qb2+ 28. Ne2 Nb6 29. Kf3 Qb4 30. Ba2 c4
31. Qc2 Nb5 32. g4 Qa3+ 33. Kg2 c3 34. h4 Qb2 35. Qxb2 cxb2 36. Kg3 Nc4 37. e5 Nd2 38. exd6 exd6 39. g5 b1=Q 40. Bxb1 Nxb1
41. Kg4 N1c3 42. Nxc3
1-0

[Event "March Madness"]
[Site "SchemingMind.com"]
[Date "2010.06.08"]
[Round "-"]
[White "mbeatini"]
[Black "Orange Lion"]
[Result "0-1"]
[WhiteCountry "USA"]
[BlackCountry "NED"]
[WhiteElo "1482"]
[WhiteRD "113"]
[BlackElo "2393"]
[BlackRD "70"]
[GameID "251255"]

1. b4 e5 2. b5 d5 3. Bb2 Nd7 4. e3 Bd6 5. Nf3 Ngf6 6. a4 a6 7. c4 axb5 8. cxb5 e4 9. Nd4 Nc5 10. Be2 Bg4
11. Nc3 Nd3+ 12. Kf1 Nxb2 13. Qc2 Bxe2+ 14. Ncxe2 Nd3 15. Nf5 Ng4 16. Nc1 Ndxf2 17. Nxg7+ Kd7 18. Nf5 Qf6 19. Nd4 Nxh1+
0-1

[Event "March Madness"]
[Site "SchemingMind.com"]
[Date "2010.06.08"]
[Round "-"]
[White "Orange Lion"]
[Black "mbeatini"]
[Result "1-0"]
[WhiteCountry "NED"]
[BlackCountry "USA"]
[WhiteElo "2393"]
[WhiteRD "70"]
[BlackElo "1482"]
[BlackRD "113"]
[GameID "251259"]

1. e4 c5 2. Nf3 g6 3. d4 cxd4 4. Nxd4 Bg7 5. c4 d6 6. Nc3 Nc6 7. Be3 Nf6 8. Be2 O-O 9. O-O Ne5 10. f3 a6
11. Nd5 Bd7 12. Qd2 e6 13. Nxf6+ Bxf6 14. f4 Nc6 15. Nb3 Qc7 16. Rad1 d5 17. cxd5 exd5 18. exd5 Nd8 19. Rc1 Qb8 20. Bb6 Bb5
21. Rfe1 Re8 22. Bxb5 Rxe1+ 23. Rxe1 Kg7 24. Re8 axb5 25. Qb4 Ra4 26. Qf8#
1-0

[Event "March Madness"]
[Site "SchemingMind.com"]
[Date "2010.06.23"]
[Round "-"]
[White "R.Leydon"]
[Black "Theodoric"]
[Result "0-1"]
[WhiteCountry "IRL"]
[BlackCountry "ENG"]
[WhiteElo "1609"]
[WhiteRD "83"]
[BlackElo "2025"]
[BlackRD "79"]
[GameID "252308"]

1. e4 e6 2. d4 d5 3. e5 c5 4. c3 Nc6 5. Nf3 Qb6 6. g3 Bd7 7. Bd3 cxd4 8. cxd4 Nxd4 9. Nxd4 Qxd4 10. Qe2 Qb6
11. Be3 Qb4+ 12. Kf1 d4 13. Bd2 Qxb2 14. Qe4 Bc6
0-1

[Event "March Madness"]
[Site "SchemingMind.com"]
[Date "2010.06.23"]
[Round "-"]
[White "Theodoric"]
[Black "R.Leydon"]
[Result "1-0"]
[WhiteCountry "ENG"]
[BlackCountry "IRL"]
[WhiteElo "2025"]
[WhiteRD "79"]
[BlackElo "1609"]
[BlackRD "83"]
[GameID "252319"]

1. e4 c5 2. c3 d5 3. exd5 Qxd5 4. d4 e6 5. Nf3 Nf6 6. Bd3 Nbd7 7. O-O Be7 8. Nbd2 O-O 9. Re1 Nb6 10. Re5 Qc6
11. Ne4 Nfd5 12. c4 Bf6 13. cxd5 exd5 14. Nxf6+ gxf6 15. Rh5 c4 16. Bxh7+ Kg7 17. Qd2 Qd6 18. Qh6+ Kh8 19. Bf5+
1-0

[Event "March Madness"]
[Site "SchemingMind.com"]
[Date "2010.06.25"]
[Round "-"]
[White "memet"]
[Black "big_al"]
[Result "1-0"]
[WhiteCountry "TUR"]
[BlackCountry "ENG"]
[WhiteElo "1630"]
[WhiteRD "67"]
[BlackElo "1802"]
[BlackRD "86"]
[GameID "252884"]

1. e4 g6 2. d4 Bg7 3. Nf3 d6 4. Nc3 a6 5. Bd3 b5 6. Bd2 Bb7 7. O-O Nd7 8. Re1 e5 9. dxe5 dxe5 10. a4 c6
11. Ne2 Ne7 12. Ng3 O-O 13. c3 Nc5 14. Bc2 Qc7 15. b4 Ne6 16. Rc1 Rad8 17. Ng5 Nxg5 18. Bxg5 Rxd1 19. Rcxd1 h6 20. Bc1 Rd8
21. Bd2 Rd7 22. Nf1
1-0

[Event "March Madness"]
[Site "SchemingMind.com"]
[Date "2010.06.27"]
[Round "-"]
[White "Teagy"]
[Black "jhw"]
[Result "1/2-1/2"]
[WhiteCountry "ENG"]
[BlackCountry "RSA"]
[WhiteElo "1829"]
[WhiteRD "81"]
[BlackElo "1715"]
[BlackRD "102"]
[GameID "253070"]

1. f4 c5 2. Nf3 Nc6 3. e4 g6 4. g3 Bg7 5. Bg2 d6 6. Nc3 e6 7. d3 Nge7 8. O-O O-O 9. Rb1 b6 10. Be3 d5
11. exd5 Nxd5 12. Nxd5 exd5 13. Qd2 d4 14. Bf2 Bb7 15. Rbe1 Re8 16. Rxe8+ Qxe8 17. Re1 Qd7 18. Ng5 Re8 19. Rxe8+ Qxe8 20. Ne4 Qe7
21. a3=
1/2-1/2

[Event "March Madness"]
[Site "SchemingMind.com"]
[Date "2010.06.27"]
[Round "-"]
[White "jhw"]
[Black "Teagy"]
[Result "0-1"]
[WhiteCountry "RSA"]
[BlackCountry "ENG"]
[WhiteElo "1691"]
[WhiteRD "103"]
[BlackElo "1826"]
[BlackRD "78"]
[GameID "253074"]

1. Nf3 Nc6 2. d4 d5 3. g3 Nf6 4. Bg2 Bg4 5. O-O Qd7 6. b3 Bh3 7. Bb2 h5 8. Nc3 h4 9. Bxh3 Qxh3 10. Nxh4 Rxh4
11. gxh4 Ng4
0-1

[Event "March Madness"]
[Site "SchemingMind.com"]
[Date "2010.07.14"]
[Round "-"]
[White "mmccaffe"]
[Black "Clive Everill"]
[Result "1-0"]
[WhiteCountry "USA"]
[BlackCountry "CZE"]
[WhiteElo "1744"]
[WhiteRD "59"]
[BlackElo "1657"]
[BlackRD "51"]
[GameID "254266"]

1. e4 e5 2. Nf3 f5 3. exf5 e4 4. Qe2 Nf6 5. Ng5 d5 6. d3 Bxf5 7. dxe4 dxe4 8. Nc3 Qd4 9. Qb5+ Bd7 10. Qxb7 Bc6
11. Qc8+ Ke7 12. Qe6+ Kd8 13. Nf7#
1-0

[Event "March Madness"]
[Site "SchemingMind.com"]
[Date "2010.07.14"]
[Round "-"]
[White "Clive Everill"]
[Black "mmccaffe"]
[Result "0-1"]
[WhiteCountry "CZE"]
[BlackCountry "USA"]
[WhiteElo "1657"]
[WhiteRD "51"]
[BlackElo "1744"]
[BlackRD "59"]
[GameID "254268"]

1. c4 Nf6 2. f4 g6 3. Nc3 Bg7 4. e4 d6 5. Nf3 O-O 6. Be2 c6 7. d4 Bg4 8. O-O Bxf3 9. Bxf3 Nbd7 10. e5 Ne8
11. Ne4 d5 12. cxd5 cxd5 13. Nc3 e6 14. b3 Rc8 15. Qd3 Qa5 16. Bb2 a6 17. Rfc1 Bh6 18. Na4 Rxc1+ 19. Rxc1 Bxf4 20. Bc3 Qc7
21. Rc2 Qd8 22. Bb4 Qh4 23. h3 Ng7 24. Qd1 Be3+ 25. Kh1 Rd8 26. Bc3 Nf5 27. Bg4 Ng3+ 28. Kh2 h5 29. Bf3 Qf4
0-1

[Event "March Madness"]
[Site "SchemingMind.com"]
[Date "2010.07.29"]
[Round "-"]
[White "Naoki_M"]
[Black "spoke"]
[Result "1-0"]
[WhiteCountry "JPN"]
[BlackCountry "GER"]
[WhiteElo "1735"]
[WhiteRD "72"]
[BlackElo "1733"]
[BlackRD "70"]
[GameID "255561"]

1. d4 Nf6 2. c4 e6 3. Nc3 d5 4. Nf3 c6 5. Bg5 h6 6. Bf4 Bb4 7. Nd2 O-O 8. e3 Nbd7 9. a3 Bxc3 10. bxc3 Re8
11. c5 e5 12. Bxe5 Nxe5 13. dxe5 Rxe5 14. Be2 Ne4 15. Nxe4 Rxe4 16. O-O Qf6 17. Bf3 Rc4 18. Rc1 Rxc3 19. Rxc3 Qxc3 20. Qd4 Qxd4
21. exd4 Bd7 22. Rb1 Re8 23. Kf1 Bc8 24. h3 Re7 25. g4 f5 26. Re1 Rxe1+ 27. Kxe1 Kf7 28. gxf5 Bxf5 29. Bg4 Kf6 30. f4 Kg6
31. Kf2 Bxg4 32. hxg4 h5 33. gxh5+ Kxh5 34. Kg3 g6 35. a4 b5 36. axb5
1-0

[Event "March Madness"]
[Site "SchemingMind.com"]
[Date "2010.07.29"]
[Round "-"]
[White "spoke"]
[Black "Naoki_M"]
[Result "1/2-1/2"]
[WhiteCountry "GER"]
[BlackCountry "JPN"]
[WhiteElo "1743"]
[WhiteRD "78"]
[BlackElo "1728"]
[BlackRD "72"]
[GameID "255567"]

1. e4 c5 2. Nf3 d6 3. d4 cxd4 4. Qxd4 a6 5. c4 Nc6 6. Qc3 e5 7. Be2 Be7 8. Na3 h6 9. Be3 Nf6 10. Nd2 O-O
11. O-O Be6 12. Rad1 Rc8 13. Nc2 Nd7 14. b3 b6 15. Nf3 a5 16. a4 Nc5 17. Bxc5 bxc5 18. Na3 Nd4 19. Rfe1 Rb8 20. Nb5 Bf6
21. h3=
1/2-1/2

[Event "March Madness"]
[Site "SchemingMind.com"]
[Date "2010.08.18"]
[Round "-"]
[White "Theodoric"]
[Black "Orange Lion"]
[Result "0-1"]
[WhiteCountry "ENG"]
[BlackCountry "NED"]
[WhiteElo "2050"]
[WhiteRD "82"]
[BlackElo "2414"]
[BlackRD "82"]
[GameID "257906"]

1. e4 e6 2. d4 d5 3. Nc3 Bb4 4. a3 Bxc3+ 5. bxc3 Ne7 6. Qg4 O-O 7. e5 c5 8. Bd3 Nbc6 9. Bg5 Qa5 10. Bd2 c4
11. Be2 f6 12. f4 Qa4 13. Bd1 Qb5 14. Bc1 Qa5 15. Bd2 Qb6 16. Nf3 Qb2 17. Rc1 Qxa3 18. O-O Qb2 19. Be2 a5 20. Qh5 a4
21. Ra1 a3 22. Rfc1 a2 23. exf6 Rxf6 24. Kh1 Bd7 25. Ng5 h6 26. Nh3 Be8 27. Qh4 Bg6 28. Bd1 Na5 29. Qe1 Nb3 30. cxb3 Bb1
0-1

[Event "March Madness"]
[Site "SchemingMind.com"]
[Date "2010.08.18"]
[Round "-"]
[White "Orange Lion"]
[Black "Theodoric"]
[Result "1-0"]
[WhiteCountry "NED"]
[BlackCountry "ENG"]
[WhiteElo "2423"]
[WhiteRD "78"]
[BlackElo "2025"]
[BlackRD "79"]
[GameID "257912"]

1. e4 e6 2. d4 d5 3. Nc3 Bb4 4. e5 c5 5. Qg4 Ne7 6. dxc5 Nbc6 7. Bd2 Nf5 8. Nf3 Bxc5 9. Bd3 h5 10. Qf4 Qb6
11. Na4 Bxf2+ 12. Ke2 Qd8 13. Kxf2 Rh6 14. Qg5 Qxg5 15. Bxg5 Rh8 16. Bxf5 exf5 17. Rhd1 Be6 18. Nc3 Ne7 19. Bxe7 d4 20. Nd5 Bxd5
21. Bg5 Be4 22. Rxd4 Kf8 23. Rad1 Re8 24. Rd8 Bc6 25. R1d6 Rh6 26. Rxe8+ Bxe8 27. Bxh6
1-0

[Event "March Madness"]
[Site "SchemingMind.com"]
[Date "2010.09.08"]
[Round "-"]
[White "mmccaffe"]
[Black "Teagy"]
[Result "1-0"]
[WhiteCountry "USA"]
[BlackCountry "ENG"]
[WhiteElo "1737"]
[WhiteRD "55"]
[BlackElo "1646"]
[BlackRD "75"]
[GameID "259668"]

1. d4 e6 2. c4 Nf6 3. Nc3 c5 4. d5 exd5 5. cxd5 d6 6. e4 g6 7. Bd3 Bg7 8. Nf3 O-O 9. O-O a6 10. a4 Re8
11. Re1 Bg4 12. h3 Bxf3 13. Qxf3 Nbd7 14. Qd1 Qc7 15. f4
1-0

[Event "March Madness"]
[Site "SchemingMind.com"]
[Date "2010.09.09"]
[Round "-"]
[White "Teagy"]
[Black "mmccaffe"]
[Result "0-1"]
[WhiteCountry "ENG"]
[BlackCountry "USA"]
[WhiteElo "1646"]
[WhiteRD "75"]
[BlackElo "1737"]
[BlackRD "55"]
[GameID "259675"]

1. e4 c6 2. d3 d5 3. Nd2 dxe4 4. dxe4 Nd7 5. g3 e5 6. Bg2 Ngf6 7. Ngf3 Bc5 8. O-O O-O 9. Nc4 Re8 10. Nh4 b5
0-1

[Event "March Madness"]
[Site "SchemingMind.com"]
[Date "2010.09.16"]
[Round "-"]
[White "memet"]
[Black "sidra"]
[Result "1-0"]
[WhiteCountry "TUR"]
[BlackCountry "HUN"]
[WhiteElo "1642"]
[WhiteRD "72"]
[BlackElo "1750"]
[BlackRD "97"]
[GameID "260354"]

1. e4 e5 2. Nf3 d6 3. d4 exd4 4. Nxd4 a6 5. Nc3 c5 6. Nf3 h6 7. Bc4 Nc6 8. O-O Nf6 9. Bf4 Be7 10. Re1 O-O
11. Qd2 b5 12. Be2 Bb7 13. Nd5 Nxd5 14. exd5 Na5 15. Bxh6 gxh6 16. Qxh6 Bxd5 17. Bd3 Bxf3 18. Qh7#
1-0

[Event "March Madness"]
[Site "SchemingMind.com"]
[Date "2010.09.16"]
[Round "-"]
[White "sidra"]
[Black "memet"]
[Result "1-0"]
[WhiteCountry "HUN"]
[BlackCountry "TUR"]
[WhiteElo "1787"]
[WhiteRD "89"]
[BlackElo "1651"]
[BlackRD "76"]
[GameID "260363"]

1. d4 d5 2. e3 Nf6 3. f3 c5 4. a3 Nc6 5. c3 e6 6. dxc5 Bxc5 7. Bd3 e5 8. Ne2 Nh5 9. O-O O-O 10. b4 Bd6
11. g3 f5 12. f4 e4 13. Bc2 b5 14. Bb3 Be6 15. Bxd5 Bxd5 16. Qxd5+ Kh8 17. Qxc6 a6 18. Nd4 Qb8 19. Qd5 Bc7 20. Nc6 Qb7
21. Rd1 Nf6 22. Qc5 Ng4 23. Rd7 Rf6 24. Ne5 Rc8 25. Nf7+ Kg8 26. Qe7 Rg6 27. Nd6 Qb6 28. Nxc8 Qb8 29. Qe8#
1-0

[Event "March Madness"]
[Site "SchemingMind.com"]
[Date "2010.12.03"]
[Round "-"]
[White "memet"]
[Black "Naoki_M"]
[Result "1-0"]
[WhiteCountry "TUR"]
[BlackCountry "JPN"]
[WhiteElo "1690"]
[WhiteRD "78"]
[BlackElo "1587"]
[BlackRD "69"]
[GameID "268203"]

1. d4 Nf6 2. c4 e6 3. g3 d5 4. Bg2 c6 5. cxd5 exd5 6. Nf3 Bd6 7. Nc3 O-O 8. Bg5 Bf5 9. h4 Nbd7 10. O-O Re8
11. Nh2 b5 12. g4 Bxh2+ 13. Kxh2 Bxg4 14. f3 Qc7+ 15. Kh1 Bh5 16. Rc1 a6 17. Bxf6 Nxf6 18. Qe1 Re7 19. Qf2 Rae8 20. Rfe1 Re3
21. f4 Qd7 22. Nd1 R3e7 23. Rc2 Bg6 24. Rc1 Be4 25. Ne3 Bxg2+ 26. Nxg2 Ng4 27. Qf3 Ne3 28. Rc3 Nxg2 29. Kxg2 Qe6 30. f5 Qe4
31. Rxc6 Qxf3+ 32. Kxf3 a5 33. Rc5 Rb7 34. Rxd5 a4 35. Rc1 Rb6 36. Rcc5 Kf8 37. Rxb5 Rxb5 38. Rxb5 Ra8 39. e4 f6 40. Rb7 h5
41. e5 fxe5 42. dxe5 a3 43. Kf4 axb2 44. Rxb2 Ra4+ 45. Kg5 Re4 46. Rb5 Ra4 47. Kxh5 Rxa2 48. Rb4 Ra5 49. Re4 Ke7 50. Kg6 Kf8
51. f6 gxf6 52. exf6 Ra8 53. h5 Kg8 54. h6
1-0

[Event "March Madness"]
[Site "SchemingMind.com"]
[Date "2010.12.03"]
[Round "-"]
[White "Naoki_M"]
[Black "memet"]
[Result "0-1"]
[WhiteCountry "JPN"]
[BlackCountry "TUR"]
[WhiteElo "1601"]
[WhiteRD "67"]
[BlackElo "1687"]
[BlackRD "74"]
[GameID "268207"]

1. e4 e5 2. Nf3 Nc6 3. Nc3 Nf6 4. d4 Bb4 5. Nxe5 Nxe5 6. dxe5 Nxe4 7. Bd2 Qh4 8. g3 Nxc3 9. gxh4 Nxd1 10. Rxd1 Bxd2+
11. Rxd2 O-O 12. f4 Rd8 13. Bh3 d6 14. Bxc8 Raxc8 15. exd6 cxd6 16. c3 Rc4 17. Rf1 Re4+ 18. Kd1 d5 19. h5 d4 20. c4 f5
21. h4 Kf7 22. b3 d3 23. Rff2 Rdd4 24. Kc1 Rxf4 25. Rxf4 Rxf4 26. Rh2 Kf6 27. Kd2 Rf3 28. a4 Ke5 29. Kc3 Ke4 30. b4 f4
31. b5 b6 32. Rg2 Rg3 33. Rd2 Re3 34. a5 f3 35. axb6 axb6 36. c5 bxc5 37. b6 Kf4 38. b7 Re8 39. Rxd3 f2 40. Rd1 Kg3
41. Rb1 Kg2 42. Rb2 Rb8 43. Kd3 Kg1
0-1

[Event "March Madness"]
[Site "SchemingMind.com"]
[Date "2010.12.18"]
[Round "-"]
[White "mmccaffe"]
[Black "Orange Lion"]
[Result "0-1"]
[WhiteCountry "USA"]
[BlackCountry "NED"]
[WhiteElo "1726"]
[WhiteRD "62"]
[BlackElo "2415"]
[BlackRD "86"]
[GameID "269870"]

1. e4 e6 2. d4 d5 3. Nc3 Bb4 4. e5 c5 5. a3 Bxc3+ 6. bxc3 Ne7 7. Nf3 Qa5 8. Bd2 Nbc6 9. Bd3 c4 10. Be2 Bd7
11. O-O f6 12. exf6 gxf6 13. Qb1 e5 14. Qxb7 Rb8
0-1

[Event "March Madness"]
[Site "SchemingMind.com"]
[Date "2010.12.18"]
[Round "-"]
[White "Orange Lion"]
[Black "mmccaffe"]
[Result "1-0"]
[WhiteCountry "NED"]
[BlackCountry "USA"]
[WhiteElo "2431"]
[WhiteRD "89"]
[BlackElo "1770"]
[BlackRD "63"]
[GameID "269874"]

1. e4 c5 2. Nf3 d6 3. d4 cxd4 4. Nxd4 Nf6 5. Nc3 a6 6. Be3 e5 7. Nb3 Be7 8. f3 O-O 9. Qd2 Be6 10. O-O-O Nc6
11. g4 Qc7 12. Nd5 Bxd5 13. exd5 Nb8 14. g5 Ne8 15. Kb1 f5 16. f4 g6 17. h4 Ng7 18. fxe5 Nd7 19. e6 Ne5 20. Rh3 Nc4
21. Bxc4 Qxc4 22. Bf2 Rac8 23. Na5 Qc7 24. Rb3 b5 25. Bd4 f4 26. Rc3 Qd8 27. Bxg7 Kxg7 28. Qd4+ Kg8 29. Rxc8 Qxc8 30. Qa7 Qd8
31. Nc6
1-0

[Event "March Madness"]
[Site "SchemingMind.com"]
[Date "2011.04.15"]
[Round "-"]
[White "Orange Lion"]
[Black "memet"]
[Result "1-0"]
[WhiteCountry "NED"]
[BlackCountry "TUR"]
[WhiteElo "2413"]
[WhiteRD "77"]
[BlackElo "1684"]
[BlackRD "86"]
[GameID "281026"]

1. e4 d5 2. exd5 Qxd5 3. Nc3 Qd8 4. d4 Nf6 5. Nf3 e6 6. Bd3 Be7 7. Ne4 O-O 8. Qe2 Nxe4 9. Qxe4 f5 10. Qe2 Nc6
11. c3 b6 12. O-O Bb7 13. Qxe6+ Kh8 14. Re1 Rf6 15. Qe2 Qd7 16. Bg5 Rf7 17. d5 Bxg5 18. Nxg5 Re7 19. dxc6 Rxe2 20. cxd7 Rxe1+
21. Rxe1 Be4 22. Bxe4 fxe4 23. Rxe4
1-0

[Event "March Madness"]
[Site "SchemingMind.com"]
[Date "2011.04.17"]
[Round "-"]
[White "memet"]
[Black "Orange Lion"]
[Result "0-1"]
[WhiteCountry "TUR"]
[BlackCountry "NED"]
[WhiteElo "1684"]
[WhiteRD "86"]
[BlackElo "2413"]
[BlackRD "77"]
[GameID "281034"]

1. g3 d5 2. d4 e6 3. Bg2 Nf6 4. Nc3 c5 5. e4 cxd4 6. Qxd4 Nc6 7. Qd1 d4 8. Nce2 Bc5 9. Bg5 Qa5+ 10. Bd2 Qb6
11. Nh3 e5 12. Rb1 O-O 13. O-O Nxe4 14. Bxe4 Bxh3 15. Bg2 Bxg2 16. Kxg2 Rac8 17. f4 Qb5 18. c3 Rfd8 19. a4 Qc4 20. cxd4 Nxd4
21. Nxd4 Rxd4 22. b3 Qd5+ 23. Kh3 Rc6 24. Rb2 Rh6+ 25. Kg4 f5+
0-1